The ballance of payments

Đã lưu trong:
Bibliografiske detaljer
Hovedforfatter: Meade, J. E.
Format: Bog
Sprog:Undetermined
Udgivet: Oxford Oxford University Press 1966
Fag:
Tags: Tilføj Tag
Ingen Tags, Vær først til at tagge denne postø!
Thư viện lưu trữ: Trung tâm Học liệu Trường Đại học Cần Thơ
LEADER 00476nam a2200181Ia 4500
001 CTU_81877
008 210402s9999 xx 000 0 und d
082 |a 382.17 
082 |b M481 
100 |a Meade, J. E. 
245 4 |a The ballance of payments 
245 0 |c J. E. Meade 
260 |a Oxford 
260 |b Oxford University Press 
260 |c 1966 
650 |a Balance of payments 
904 |i Trọng Hải 
980 |a Trung tâm Học liệu Trường Đại học Cần Thơ